00808nam a2200253 i 45000010005000000030009000050050017000140080041000310200018000720800009000901000027000992450057001262600034001833000027002174900027002445000015002715040018002866500031003047000025003358300035003608520022003959990015004179520122004327641ES-MaACL20230906145302.0910320s1991 sp ||||1| spa d a84-7426-173-2 a7.011 aOcampo, Estela.98643710aTeorías del arte / cEstela Ocampo, Martí Peran. aBarcelona : bIcaria, c1991. a256, [2] p. ; c22 cm.1 aIcaria antrazit ; v58 aÍndices. aBibliografia. 4aArte-xFilosofía.9100991 aPeran, Marti.9903951 aIcaria antrazit ; v589178643 aES-MaACLjL-14947 c7641d7641 00104070aATENEOMbATENEOMcDEPO2d2008-01-17eSCl0oL-14947p1007795r2023-02-23 00:00:00w2023-02-23yMONOGRAFIA